Applied logistic regression analysis

Αποθηκεύτηκε σε:
Λεπτομέρειες βιβλιογραφικής εγγραφής
Κύριος συγγραφέας: Menard, Scott W.
Μορφή: Βιβλίο
Γλώσσα:English
Δημοσίευση: London : Sage Publications, c1995
Σειρά:Sage university papers series. Quantitative applications in the social sciences ; ; 106
Θέματα:
Ετικέτες: Προσθήκη ετικέτας
Δεν υπάρχουν, Καταχωρήστε ετικέτα πρώτοι!

MARC

LEADER 00000nam a2200000 i 4500
001 1/17866
008 981014s1995 eng d
020 |a 0-8039-5757-2 
035 |l 10020709 
040 |a GR-MY-UA  |b gre  |e aacr 
041 0 |a eng 
082 0 |a 519.536 
100 1 |a Menard, Scott W. 
245 1 0 |a Applied logistic regression analysis /  |c Scott Menard 
260 |a London :   |b Sage Publications,   |c c1995 
300 |a 97 p.  |b fig.; tabl. 
490 1 |a Sage university papers series. Quantitative applications in the social sciences  |v ; 106 
504 |a Includes bibliographical references  
650 0 0 |a Regression analysis. 
650 0 0 |a Logistic distribution. 
830 0 |a Sage university papers series. Quantitative applications in the social sciences ;  |v ; 106 
852 |a INST  |b LESVOS  |e 19981014  |h 519.536 MEN  |p 005100018313  |q 005100018313  |t BK  |y 0 
901 |a BIBL-1999-1 
909 |a Λ  |b 059656 
922 |a 1ΕΛΗ  |b 199809  |c ΚΠΣ/ΤΓ  |d ΠΑΠΑΣΩΤΗΡΙΟΥ 
950 |a 118-1998-07-23